| 000 | 00664nam a22002057a 4500 | ||
|---|---|---|---|
| 003 | OSt | ||
| 005 | 20251127111710.0 | ||
| 008 | 251127b |||||||| |||| 00| 0 eng d | ||
| 020 | _a621-404-358-7 | ||
| 040 |
_aDWCL - Main _cOC |
||
| 082 | _aGR 791.092 K53r 2021 | ||
| 100 | _aKing, Joey Mead | ||
| 245 |
_aRunaway Models : _ba memoir / _cJoey Mead King and Lara Parpan |
||
| 260 |
_aMandaluyong City, Philippines: _bSummit Publishing Co., Inc., _cc2021. |
||
| 300 |
_a118 pages; _bcolored illustration; _c20 cm. |
||
| 650 | _a1. Fashion models - television | ||
| 650 | _a2. Philippine fashion - a memoir | ||
| 700 | _aI. Lara Parpan | ||
| 942 |
_2ddc _cGR _kGR _n0 |
||
| 999 |
_c6451 _d6451 |
||